000 01015nam a2200253 a 4500
008 120416s1997 ||||||||||||||||| || u
020 _a1856494748
050 _aGN 448.2 Pos
100 _aRahnema, Majid, 1924-
245 1 4 _aThe post-development reader
_cedited by Majid Rahnema
260 _aDakha
_bZed Books University Press Fernwood Pub. David Philip
_c1997
300 _axix, 440p.
350 _a0.00
500 _aIncludes bibliographical references (p. 405-429) and index.
650 _aSUBSISTENCE ECONOMY
650 _aANTHROPOLOGY
650 _aACCULTURATION
650 0 _aECONOMIC ANTHROPOLOGY
650 0 _aECONOMIC DEVELOPMENT--AFRICA, SUB-SAHARAN
700 _aBawtree, Victoria, 1934-
856 _uhttp://www.loc.gov/catdir/description/hol055/96025685.html
856 _uhttp://www.loc.gov/catdir/toc/hol052/96025685.html
995 _D0.00
_FCBU-MAIN LIBRARY (Kitwe)
_H1
_I15.95
_M1
_UAVAILABLE
_ZMain Library Open Access Collection
999 _c54063
_d54063